[Event "Caribbean sub zt 2.3.5"]
[Site "Nassau"]
[Date "2010.06.26"]
[Round "1"]
[White "Matthews, Shane"]
[Black "Gibson, Ken"]
[Result "1-0"]
[WhiteElo "2203"]
[BlackElo "1911"]
[PlyCount "59"]
[EventDate "2010.06.26"]
[EventType "swiss"]
[EventRounds "9"]
[EventCountry "BAH"]
[SourceTitle "EXT 2019"]
[Source "ChessBase"]
[SourceDate "2018.10.10"]
[SourceVersion "1"]
[SourceVersionDate "2018.10.10"]
[SourceQuality "1"]

1. e4 e5 2. Bc4 Nc6 3. Nf3 h6 4. d4 exd4 5. Nxd4 Nxd4 6. Qxd4 Ne7 7. Nc3 d6 8. 0-0 Bd7 9. f4 Nc6 10. Qe3 b6 11. Qg3 Na5 12. Bd3 c6 13. b4 Nb7 14. Bb2 Qc7 15. a4 0-0-0 16. a5 Re8 17. axb6 Qxb6+ 18. Kh1 Rg8 19. Rfb1 Be7 20. Ra6 Qd8 21. Rxa7 Kc7 22. Ba6 Bc8 23. Na4 Kb8 24. Bd4 Bf6 25. e5 dxe5 26. Bb6 Qd2 27. Nc5 exf4 28. Bxb7 Bxb7 29. Rxb7+ Kc8 30. Rc7+ 1-0

[Event "JAM-ch"]
[Site "Kingston"]
[Date "2010.04.18"]
[Round "7"]
[White "Porter, Russel"]
[Black "Matthews, Shane"]
[Result "1-0"]
[WhiteElo "2147"]
[BlackElo "2203"]
[PlyCount "71"]
[EventDate "2010.04.09"]
[EventType "tourn"]
[EventRounds "11"]
[EventCountry "JAM"]
[SourceTitle "EXT 2013"]
[Source "ChessBase"]
[SourceDate "2012.11.22"]
[SourceVersion "1"]
[SourceVersionDate "2012.11.22"]
[SourceQuality "1"]

1. c4 e5 2. Nc3 f5 3. Nf3 d6 4. d4 e4 5. Ng5 h6 6. Nh3 g5 7. Ng1 Bg7 8. h4 g4 9. e3 Nf6 10. Nge2 Nh5 11. g3 0-0 12. Bg2 c6 13. Bd2 Na6 14. a3 Be6 15. d5 Bf7 16. Nd4 Qc8 17. 0-0 c5 18. Ndb5 Qd8 19. Rb1 Nb8 20. Ne2 a6 21. Nbc3 Nd7 22. Nf4 Ne5 23. b3 Bf6 24. Nxe4 fxe4 25. Bxe4 Ng7 26. Kg2 Qe8 27. Qc2 Rc8 28. Bc3 b5 29. Bh7+ Kh8 30. h5 Nxh5 31. Rh1 Kg7 32. Bf5 Nxf4+ 33. exf4 Nd7 34. Rbe1 Qd8 35. Bxd7 Qxd7 36. Bxf6+ 1-0